Mittayipothi(മിഠായിപ്പൊതി) (Record no. 113677)

MARC details
000 -LEADER
fixed length control field 00435 a2200157 4500
005 - DATE AND TIME OF LATEST TRANSACTION
control field 20250125094025.0
008 - FIXED-LENGTH DATA ELEMENTS--GENERAL INFORMATION
fixed length control field 241010b |||||||| |||| 00| 0 eng d
020 ## - INTERNATIONAL STANDARD BOOK NUMBER
International Standard Book Number 9788171304288
080 ## - UNIVERSAL DECIMAL CLASSIFICATION NUMBER
Universal Decimal Classification number FM
Item number SUM/M
100 ## - MAIN ENTRY--PERSONAL NAME
Personal name Sumangala
245 ## - TITLE STATEMENT
Title Mittayipothi(മിഠായിപ്പൊതി)
260 ## - PUBLICATION, DISTRIBUTION, ETC. (IMPRINT)
Name of publisher, distributor, etc D C Books
Place of publication, distribution, etc Kottayam.
Date of publication, distribution, etc 2023.
300 ## - PHYSICAL DESCRIPTION
Extent 288p.
653 ## - INDEX TERM--UNCONTROLLED
Uncontrolled term Fiction-Short Stories-Children's Literature.
942 ## - ADDED ENTRY ELEMENTS (KOHA)
item type Under processing
Holdings
Lost status Source of classification or shelving scheme Not for loan Home library Current library Date acquired Cost, normal purchase price Total Checkouts Total Renewals Full call number Barcode Checked out Date last seen Date checked out Cost, replacement price Price effective from Koha item type
  Universal Decimal Classification   University Library University Library 01/03/2024 266.01 6 3 FM SUM/M CL 00096211 10/05/2026 10/04/2026 10/04/2026 399.00 01/03/2024 Books
University Library, CUSAT